| 000 | 00401 a2200169 4500 | ||
|---|---|---|---|
| 999 |
_c12875 _d12875 |
||
| 003 | OSt | ||
| 005 | 20240802151816.0 | ||
| 008 | 240802b ||||| |||| 00| 0 eng d | ||
| 020 | _a9781138582897 | ||
| 082 | _a620.82 | ||
| 100 | _a Robert Bridger | ||
| 245 | _aIntroduction to Human Factors and Ergonomics | ||
| 250 | _a4th | ||
| 260 |
_b Taylor & Francis _c2018 |
||
| 300 | _a719p; | ||
| 942 | _2ddc | ||